[Event "Vikings GM 2nd"]
[Site "York"]
[Date "2000.12.17"]
[Round "5"]
[White "Hodgson, Julian M"]
[Black "Barsov, Alexei"]
[Result "1-0"]
[WhiteElo "2640"]
[BlackElo "2534"]
[Annotator "Ribli,Z"]
[PlyCount "83"]
[EventDate "2000.12.13"]
[EventType "tourn"]
[EventRounds "10"]
[EventCountry "ENG"]
[EventCategory "12"]
[SourceTitle "CBM 081"]
[Source "ChessBase"]
[SourceDate "2001.03.20"]
[SourceVersion "1"]
[SourceVersionDate "2001.03.20"]
[SourceQuality "1"]

1. c4 e6 2. Nc3 Nf6 3. e4 c5 {Diese Fortsetzung wird heutzutage seltener
gewählt. Die Alternative ist 3...d5.} 4. e5 Ng8 5. Nf3 (5. d4 cxd4 6. Qxd4 Nc6
$13 7. Qe4) 5... Nc6 (5... d6 6. exd6 Bxd6 7. d4 cxd4 8. Nxd4 $14) 6. d4 {
Weiß opfert einen Bauern, aber das ist die einzige Chance für ihn
Eröffnungsvorteil zu erreichen.} cxd4 7. Nxd4 Nxe5 8. Ndb5 {Weiss hat starken
positionellen Druck für den Bauern. Die schwarzen Felder in der Stellung des
Nachziehenden sind schwach.} (8. Bf4 Ng6 9. Bg3) 8... f6 (8... d6 9. c5 $40) (
8... a6 9. Nd6+ Bxd6 10. Qxd6 f6 11. Be3 {Das wäre eine Zugumstellung zu
unserer Partie.}) 9. Be3 (9. Bf4) 9... a6 10. Nd6+ Bxd6 11. Qxd6 Ne7 12. Bb6
Nf5 13. Qc5 {Dieser Zug ist stärker als die Alternative - Weiß muss die Damen
nach Möglichkeit auf dem Brett halten.} (13. Bxd8 Nxd6 14. Bc7 Ke7 15. c5 Ne8
16. Bb6 d5 17. cxd6+ Nxd6 18. Bc5 $11) 13... d6 (13... Qe7 14. Qa5 $5 (14.
Qxe7+ Nxe7 (14... Kxe7 15. f4 $44) 15. f4 $44) 14... d6) 14. Qa5 Qd7 (14... Qe7
15. O-O-O O-O 16. f4 Nc6 (16... Nf7 17. Bd3 $40) 17. Qa3 $36) 15. f4 Nc6 (15...
Ng6 16. g3 Qc6 17. Rg1 $16) (15... Ng4 16. Bd3 $36) 16. Qa3 Nce7 (16... e5 17.
Bd3 (17. O-O-O exf4 18. Nd5 O-O $13) 17... O-O 18. O-O exf4 $2 (18... Qf7) 19.
Rxf4 Nfe7 20. Rd1 Ng6 21. Rff1 Nge5 22. Be4 Qf7 23. b3 {1-0 Kasparov,
G-Beliavsky,A/Linares 1991/Inf 51/[Kasparov,G] (34)}) 17. O-O-O {Weiß verfügt
über das Läuferpaar und gutes Figurenspiel, während Schwarz zwar einen
Mehrbauern aber auch einige Probleme bei der Koordination seiner Figuren hat.}
(17. g4 Qc6 18. Qa4 Bd7 19. Qxc6 Bxc6 20. Rg1 Nh4 21. O-O-O h5 22. h3 hxg4 23.
hxg4 d5 24. Rg3 Rc8 25. Re3 Kf7 26. Kb1 Nhg6 27. f5 {1/2-1/2 Aleksandrov,
A-Balashov,Y/Kstovo 1998/EXT 99 (38)}) 17... Qc6 18. c5 $146 {Das ist eine
ganz neue Fortsetzung. Ich bin mir aber keineswegs sicher, ob es auch eine
Verbesserung gegenüber den bekannten Alternativen darstellt. Es droht zwar 19.
Bb5 mit Qualitätsgewinn, dennoch scheint mir der Textzug zu direkt.} (18. Qb3
Bd7 19. Rg1 $1 d5 $1 (19... Nc8 20. Bf2 h5 21. Be2 $14) 20. g4 Nd6 21. cxd5
Nxd5 22. Rxd5 $5 exd5 23. Bg2 {1/2-1/2 Psakhis,L-Greenfeld,A/Israel 1991/Inf
54/[Psakhis,L] (31)}) (18. Qa5 $5) 18... Kf7 $6 (18... d5 $1 19. Bb5 (19. Nb5
O-O) 19... axb5 20. Qxa8 Ne3 $36 {Schwarz hat zwar nur einen Bauern für die
Qualität, aber der Bb6 steht schlecht und Schwarz besitzt eine solide Stellung.
}) (18... dxc5 19. Rd8+ Kf7 20. Rxh8 Qxb6 $13) 19. Be2 Ne3 $6 {Dieser
scheinbar aktive Springerzug gefällt mir nicht. Schwarz sollte statt dessen
versuchen, die Stellung geschlossen zu halten.} (19... d5) (19... dxc5 20. Qxc5
$44) 20. Rd2 (20. Rxd6 Qxg2 21. Re1 Qf2 $17) 20... N3d5 (20... d5 21. Nb5 $36)
(20... Qxg2 $4 21. Bh5+ $18 {[%cal Rd2g2,Rh5f7]}) 21. Nxd5 Nxd5 22. Kb1 {
Ein guter prophylaktischer Zug - Weiß geht Feßlungsmotiven auf der c-Linie aus
dem Wege.} (22. Bf3 dxc5 23. Qxc5 Qxc5+ 24. Bxc5) 22... Nxf4 (22... dxc5 23.
Bxc5 Nxf4 24. Bf3 $36 {[%csl Gc5,Gf3]}) 23. Bf3 (23. Rxd6 Qe4+ 24. Bd3 Qxg2 $17
(24... Nxd3 25. Rxd3 e5 $17)) 23... d5 (23... Nd5 24. Rhd1 $44) 24. Rhd1 $44 {
Weiß hat zwar zwei Bauern weniger, aber alle seine Figuren stehen sehr aktiv.
Der Nf4 steht unsicher, und ein Opfer auf d5 hängt förmlich in der Luft.} Qb5 (
24... Kf8 $5) 25. Qe3 Ng6 $6 (25... e5 $1 {[%cal Gc8f5,Gf5b1]} 26. g3 (26.
Bxd5+ Nxd5 27. Rxd5 $44) 26... d4 27. Rxd4 exd4 28. Qxf4 Re8 29. Qxd4 $44) (
25... g5 26. h4 $44) {[#]} 26. Rxd5 $1 {[%mdl 512] Weiß investiert einen
ganzen Turm.} exd5 27. Bxd5+ Kf8 28. c6 $1 {[%cal Rb6c5,Rc5f8] Jetzt droht 29.
Bc5+. Es ist bemerkenswert, dass Weiß, obwohl er einen Turm weniger hat und
Schwarz 28...Bf5+ mit Tempo spielen kann, entscheidenden Angriff besitzt.} Ne5
(28... Bf5+ 29. Ka1 Re8 (29... Ne7 30. Bc5 Re8 31. Re1) 30. Bc5+ Ne7 31. Re1 g5
(31... Be4 32. c7 Qd7 33. Qxe4 $18) 32. Bxe7+ Kg7 33. Qd4 $16) 29. cxb7 Bxb7 {
Schwarz gibt eine Figur zurück, denn der Pb7 war mehr als nur gefährlich.} (
29... Bf5+ 30. Ka1 Re8 31. Qc5+ $18) 30. Bxb7 Rb8 (30... Re8 $5 {Nach diesem
Zug fällt es schwer einen Weg zu finden, wie Weiß seinen Angriff fortsetzen
kann. Dank seines aktiven Läuferpaares hat er jedoch Kompensation für das
Material.}) 31. a4 {Weiß vertreibt die schwarze Dame mit Hilfe eines
Bauernopfers.} Qxa4 (31... Qxb2+ $2 32. Kxb2 Nc4+ 33. Ka2 Nxe3 34. Bxe3 (34.
Bc5+ Kf7 (34... Ke8 35. Bc6+ $16) 35. Rd7+ $16) 34... Rxb7 35. Rd8+ $18) 32.
Qc5+ Kf7 (32... Kg8 $2 33. Rd4 $18) 33. Rd4 Qb5 (33... Qe8 34. Qc7+ Kg6 (34...
Qe7 35. Bd5+ $18) 35. Qc2+ Kg5 (35... f5 36. Rd6+ Kg5 37. Be3+ $18) 36. h4+ Kh6
37. Qc1+ Kg6 38. Be4+ Kh5 (38... Kf7 39. Qc7+ Qe7 40. Bd5+ $18) 39. Bf5 $18)
34. Qc7+ Kg6 35. Qc2+ Kf7 36. Qc7+ (36. Bd5+) 36... Kg6 37. Qc2+ Kf7 38. Bd5+
$16 {Endlich findet Weiß die beste Fortsetzung.} Ke8 (38... Kf8 39. Bc7 $18)
39. Bc7 {[%mdl 1024]} Rb6 (39... Rc8 40. Be6 Rb8 41. Bxb8 Qxb8 42. Qc5 $18 {
[%csl Re8]}) 40. Bxe5 fxe5 41. Qc8+ Ke7 42. Qc7+ $18 {Schwarz hat keine
Verteidigung mehr.} (42. Qc7+ Qd7 (42... Kf6 43. Qf7+ Kg5 44. Qxg7+ Rg6 45.
Qxe5+ $18) 43. Qxe5+ Kd8 (43... Kf8 44. Rf4+ Rf6 45. Rxf6+ gxf6 46. Qxf6+ Ke8
47. Bc6 $18 (47. Qxh8+ $18)) 44. Bf3 $18) 1-0

[Event "WchT 2nd"]
[Site "Luzern"]
[Date "1989.??.??"]
[Round "2.1"]
[White "Seirawan, Yasser"]
[Black "Beliavsky, Alexander G"]
[Result "1/2-1/2"]
[WhiteElo "2585"]
[BlackElo "2620"]
[Annotator "Ribli,Z"]
[PlyCount "99"]
[EventDate "1989.10.27"]
[EventType "team-tourn"]
[EventRounds "9"]
[EventCountry "SUI"]
[SourceTitle "CBM 016"]
[Source "ChessBase"]
[SourceDate "1990.06.01"]
[SourceVersion "1"]
[SourceVersionDate "1990.06.01"]
[SourceQuality "1"]
[WhiteTeam "US of America"]
[BlackTeam "Soviet Union"]
[WhiteTeamCountry "USA"]
[BlackTeamCountry "URS"]

1. c4 e6 2. Nc3 Nf6 3. e4 c5 4. e5 Ng8 5. d4 cxd4 6. Qxd4 Nc6 7. Qe4 d6 8. Nf3
dxe5 9. Nxe5 Nxe5 $6 (9... Bd7 10. Nxd7 Qxd7 11. Bg5 Bb4 12. Rd1 Qc7 13. Be2
Bxc3+ 14. bxc3 h6 15. Bf4 e5 16. O-O Nf6 17. Qe3 O-O {Seirawan-Ivanov  Toluca
izt 1982 34/27  =}) 10. Qxe5 Nf6 11. Be2 $6 (11. Bg5 $5 Be7 12. Rd1 Qb6 13. c5
$5 Qxb2 14. Bb5+ Kf8 15. O-O h6 16. Rd2 Qa3 17. Rfd1 Nd7 18. Rxd7 hxg5 19. Rxe7
{Takacs,B-Motuosis  Rumania 1987  1-O}) (11. Bf4 Be7 12. Be2 O-O 13. O-O Bd7
14. Rfd1 {Gat-Keene  Ybbs,1968  +/-}) 11... Bd6 12. Qb5+ Qd7 13. Be3 O-O 14.
Rd1 Qc7 15. Rxd6 Qxd6 16. Bc5 Qc7 17. Bxf8 Kxf8 18. O-O Bd7 19. Qb4+ Kg8 20.
Rd1 Bc6 21. Qd6 Qxd6 22. Rxd6 Kf8 23. f3 Ke7 24. Rd2 a5 {=} 25. Kf2 g5 26. Bd1
Rc8 27. b3 h5 28. a3 Nd7 29. Be2 b6 30. b4 axb4 31. axb4 Ra8 32. Ra2 Rxa2 33.
Nxa2 f5 34. Nc3 f4 35. g3 h4 36. Bd3 Ne5 37. Be4 Bxe4 38. Nxe4 Nd3+ 39. Kg2
hxg3 40. hxg3 Nxb4 41. Nxg5 Nc2 42. gxf4 Ne3+ 43. Kf2 Nxc4 44. Ke2 Kf6 45. Kd3
Na5 46. Kc3 Nc6 47. Kc4 Na7 48. Nh7+ Kg6 49. Nf8+ Kf5 50. Kb4 1/2-1/2

[Event "Candidates FIDE m4"]
[Site "Wijk aan Zee"]
[Date "1994.??.??"]
[Round "3"]
[White "Salov, Valery"]
[Black "Khalifman, Alexander"]
[Result "1-0"]
[WhiteElo "2685"]
[BlackElo "2660"]
[Annotator "Salov,V"]
[PlyCount "99"]
[EventDate "1994.01.16"]
[EventType "match"]
[EventRounds "6"]
[EventCountry "NED"]
[SourceTitle "CBM 039"]
[Source "ChessBase"]
[SourceDate "1994.04.01"]
[SourceVersion "1"]
[SourceVersionDate "1994.04.01"]
[SourceQuality "1"]

1. c4 {Chekhov Hansen,LB Ribli Wolff} Nf6 2. Nc3 e6 3. e4 c5 4. e5 Ng8 5. Nf3 (
5. d4 {Chekhov} cxd4 6. Qxd4 Nc6 7. Qe4 d6 8. Nf3 dxe5 9. Nxe5 Bd7 10. Nxd7
Qxd7 11. Bg5 Nf6 12. Bxf6 gxf6 13. Rd1 Qc7 $5 14. Be2 $6 (14. a3 $5 f5 15. Qe3
Bg7 16. Be2 a6 $13) 14... Bb4 15. Rc1 f5 16. Qe3 O-O-O $15 {Chekhov,V-Balashov,
Y/Moscow/1991/0:1 (29) Inf 52/23/}) 5... d6 (5... Nc6 {Hansen,LB Wolff Chekhov}
6. d4 cxd4 7. Nxd4 Nxe5 8. Ndb5) 6. exd6 Bxd6 7. d4 cxd4 8. Qxd4 {N} (8. Nxd4 {
Wolff} a6 9. Be2 (9. Be3 Nf6 10. Qf3 (10. Be2 O-O $10) 10... O-O 11. O-O-O Nbd7
12. Kb1 (12. Nxe6 $2 fxe6 13. Rxd6 Ne8 $17) 12... Qc7 13. h3 Ne5 14. Qe2 Bd7
15. Nb3 $6 Ng6 16. f3 Be5 $36 {Korchnoi,V-Vladimirov,E Salamanaca 1991}) (9. g3
Nf6 10. Bg2 O-O 11. O-O e5 $1 12. Nc2 Nc6 13. Bg5 Be7 14. Re1 Be6 15. b3 h6 $10
{Azmaiparashvili,Z-Georgiev,Ki Las Palmas (6) 1992}) 9... Nf6 10. Bg5 (10. O-O
{Hansen,LB} O-O 11. Bg5 h6 12. Bh4 (12. Bxf6 {Chekhov} Qxf6 13. Ne4 Bxh2+)
12... Qc7 13. Bxf6 gxf6 14. Nf3 Rd8 $10 {Ermenkov,E-Kolev,A/Bulgaria ch/1992/})
10... Be7 (10... Be5 $5 11. Nf3 Bxc3+ 12. bxc3 Qxd1+ 13. Rxd1 Nbd7 $132) 11.
O-O $14 {Suba-Spassov, Albena 1977}) (8. Nxd4 {Ribli Azmajparashvili,
Z-Georgiev,Ki/Las Palmas/1993/CBM36/}) 8... Nf6 (8... e5 $5 {Ribli} 9. Qd1 (9.
Nxe5 Qe7) (9. Qe3 {Chekhov} Nf6 $1 $10 {/\10.Ne5? 0-0 Vladimirov/}) 9... Nc6
10. Ne4 Bb4+ 11. Bd2 Bxd2+ 12. Qxd2 Qxd2+ 13. Nfxd2 Ke7 $10) 9. Nb5 {!? Chekhov
} (9. c5 Be7 10. Qxd8+ Bxd8 11. Bf4 Ba5 $1 $132) (9. Bg5 {Chekhov} Nc6 10. Qh4
Be7 11. Rd1 Qa5 12. Bd2 $14 {Vladimirov/}) 9... Bb4+ $8 10. Bd2 Qxd4 $1 (10...
Bxd2+ 11. Qxd2 Qxd2+ (11... Nc6 {Chekhov} 12. Nd6+ Ke7 13. O-O-O $36) 12. Kxd2
Na6 13. Ne5 $16) (10... Nc6 $5 {Chekhov} 11. Qxd8+ Kxd8 12. Bxb4 Nxb4 13.
O-O-O+ Ke7 14. a3 Nc6) 11. Nfxd4 Bxd2+ 12. Kxd2 Ke7 $1 $8 13. Be2 (13. Nc7 $2
Rd8 14. Nxa8 (14. Kc3 Ne4+) (14. Ke3 Ng4+) 14... Nc6 $44 (14... Rxd4+ {Wolff}
15. Kc3 (15. Ke3 Re4+ (15... Nc6 {Chekhov} 16. f3 b6 (16... Kd8 $5 17. Be2 (17.
c5 Nd5+ $36) 17... b6 18. Rhd1 Rd7 19. c5 bxc5) 17. Be2 Bb7 18. Nc7 a6 19. c5 (
19. Rhd1 Rd7 $1) 19... b5 20. a4 $16) 16. Kd2 Na6 $44) 15... Nc6 (15... Rd7 {
Ribli} 16. f3 b6 $44) (15... Rd7 $1 $17 {Hansen,LB /\Ne4;b6,Bb7}) 16. Bd3 (16.
Nc7 Ne4+ $17) 16... Kd8 17. b4 e5 $44 {פa8})) 13... Rd8 14. Ke3 e5 15. Nb3 (
15. Nf3 $4 {Chekhov} Ng4+ 16. Ke4 f5#) 15... Nc6 16. Rhd1 Bf5 $1 $10 (16...
Ng4+ $6 {Chekhov} 17. Kf3 (17. Bxg4 Bxg4 18. f3 Be6) 17... Rxd1 18. Rxd1 f5 19.
h3 e4+ 20. Kg3 Nge5 21. f4 $36) 17. Rxd8 Rxd8 18. Rd1 Rxd1 (18... Ng4+ $2 {
Ribli} 19. Bxg4 Bxg4 20. Rxd8 Kxd8 21. Nd6 $18) 19. Bxd1 Ng4+ {!? Hansen,LB} (
19... b6 $10 {Hansen,LB}) 20. Bxg4 (20. Kf3 {Chekhov} Nxh2+ 21. Kg3 Nf1+) 20...
Bxg4 21. Nc5 Bc8 {?! Chekhov} (21... b6 $5 {Ribli} 22. Nd3 Bf5 $10 (22... Be6 {
Chekhov} 23. b3 g5 $1 {/\f5 /})) 22. f4 $1 exf4+ (22... b6 {Wolff} 23. Nd3
exf4+ 24. Nxf4 Be6 25. Nd5+ Kd7) 23. Kxf4 h6 {?! Hansen,LB} (23... f6 {Wolff}
24. h4 b6 (24... Ne5 $132 {Hansen,LB}) 25. Ne4 Be6 (25... Ba6 26. a4 Na5 27.
Nd2 $14) 26. b3 g6 $10 {/\ ...h7-h6, ...g6-g5+}) 24. h4 f6 $2 (24... b6 $142 {
Hansen,LB}) (24... g6 $5 {Chekhov /\f6/}) 25. h5 $1 $14 a6 {?! Wolff} 26. Nc3
Ne5 27. Nd5+ Kd8 (27... Kd6 {Wolff} 28. Ne4+ Kc6 29. Ne7+ Kd7 30. Nxc8 Kxc8 31.
b3 Kd7 32. Nc5+ Kc6 33. Ne6 g6 (33... g5+ 34. Kf5) 34. Nd8+ Kc7 35. Nf7 $1 g5+
(35... Nxf7 36. hxg6 Nd8 37. Kf5 $18) 36. Kf5 Nxf7 37. Kxf6 Nd6 38. Kg6 Kd7 39.
Kxh6 Ke7 (39... g4 40. Kg6 Ke7 41. h6 Kf8 42. h7 Nf7 43. Kf6 Nh8 44. b4 $18)
40. Kxg5 $16) 28. b3 (28. Nb6 {Chekhov} Bg4) 28... b5 29. cxb5 axb5 30. b4 (30.
Ne3 $5 {Chekhov}) 30... Bg4 31. a3 Kc8 (31... Bxh5 32. Ne6+ Kd7 (32... Kc8 {
Ribli} 33. Nxg7 Bf7 34. Nxf6 (34. Nc3 {Chekhov} Bc4 35. Nf5 $16) 34... Nc4 35.
Nf5 $16) 33. Nxg7 $16) 32. Ne7+ Kc7 33. Ng6 Bxh5 (33... Nxg6+ {Wolff} 34. Kxg4
Ne5+ 35. Kf5 Kd6 (35... Nc4 {Chekhov} 36. Ne6+ Kd7 37. Nxg7 Ke7 38. Kg6 $18)
36. Ne6 (36. a4 $16 {Ribli}) 36... Ke7 37. Nxg7 Kf7 38. Ne6 Nc4 39. Nd8+ Ke7 (
39... Kg7 40. Ke6 Nxa3 41. Kd5 Nc2 42. Kc5 f5 (42... Ne3 43. Ne6+ Kf7 44. Nf4
$16) 43. Kxb5 Ne3 44. Kc6 Nxg2 45. b5 $18) 40. Kg6 $1 Nxa3 41. Kxh6 Nc2 (41...
Kf8 42. Kg6 $18) 42. Kg6 $18 (42. Kg7 Nd4 43. h6 Nf5+ 44. Kg6 Nxh6 45. Nc6+ Kd6
46. Kxh6 Kxc6 47. Kg6 Kd5 48. Kxf6 Kc4 49. g4 $18)) 34. Nxe5 fxe5+ $2 (34...
g5+ $8 35. Kf5 fxe5 36. Kxe5 Be8 $14) 35. Kxe5 g5 (35... Bf7 {Chekhov} 36. Ne6+
$18) 36. Ne6+ $1 Kb6 $8 (36... Kd7 $2 37. Nd4 $18) (36... Kc6 {Ribli} 37. Nd4+
Kb6 38. Nf5 $18) 37. Kf6 Be2 (37... Bd1 38. Nd4 $18) (37... Be8 $5) (37... Bg4
{Chekhov} 38. Nd4) 38. Kg6 Bf1 39. g3 Kc6 40. Kxh6 Kd5 (40... g4 {Chekhov} 41.
Nf4) 41. Nxg5 $18 (41. Nc7+ $5 {Wolff} Kc4 42. Kxg5 Kb3 43. g4 Kxa3 44. Na6 Bg2
45. Kf6 Bb7 46. g5 Bxa6 47. g6 Bb7 48. Ke5 $18) 41... Be2 (41... Kc4 42. Ne4
Bh3 43. Nd6+ $18) 42. Kg6 $1 Kc4 (42... Bg4 43. Kf6 Kc4 44. Ke5 Kb3 45. Kd4
Kxa3 46. Kc3 $18) 43. Ne6 $1 Kc3 (43... Bg4 44. Nc7 (44. Nc5 Kc3 45. Kg5 Bc8
46. g4 Kb2 47. Kf4 Kxa3 48. Nd3 Be6 $3 49. g5 Bg8 $1) 44... Bd7 45. Kf6 Kb3 46.
Ke7 $18) 44. Kf5 Kb2 45. Nc5 Kxa3 46. Na6 Bd3+ (46... Bf3 47. g4 Bb7 48. g5 $1
Bxa6 49. g6 Bb7 50. Ke5 $1 $18) 47. Kf4 Kb2 (47... Bc4 {Wolff} 48. g4 Bd5 49.
g5 Bb7 50. g6) 48. g4 Kc3 49. Ke5 Kc4 50. g5 1-0